Movies Quiz

Random Movies or Pixar Quiz

Disney Movie Locations Quiz Stats

 Plays Quiz Updated Jan 11, 2018

Challenge
Share
Tweet
Embed
Score 0/24 Timer 06:00
2 Plays Today
Location Movie % Correct
Pride RockThe Lion King
87.9%
The Hundred Acre WoodWinnie the Pooh
80.1%
Pizza PlanetToy Story
79.9%
Mount OlympusHercules
79.9%
Sherwood ForestRobin Hood
79%
Marine Life InstituteFinding Dory
66.1%
The Cave of WondersAladdin
60.7%
Game Central StationWreck-it Ralph
59.9%
Paradise FallsUp
57.8%
Wandering Oaken's Trading Post and SaunaFrozen
57.4%
Cozy Cone MotelCars
48.1%
Kiki's Coffee HutLilo and Stitch
47.8%
Location Movie % Correct
Tony's RestaurantLady and the Tramp
46%
The West WingBeauty and the Beast
45.3%
Skull RockPeter Pan
44.9%
The Snuggly DucklingTangled
41.7%
Pleasure IslandPinocchio
36.9%
Fear TechMonsters University
36.1%
Harryhausen'sMonsters, Inc.
35.3%
The Court of MiraclesThe Hunchback of Notre Dame
29.4%
Morningside OrphanageThe Rescuers
28.6%
Sahara SquareZootopia
20.8%
Sleepy HollowThe Adventures of Ichabod and Mr. Toad
19.6%
Silver Lake Animal RescueBolt
18.8%

You're not logged in!

Compare scores with friends on all Sporcle quizzes.
OR
Log In

You Might Also Like...

Show Comments

Extras

Top Quizzes Today


Score Distribution

Your Account Isn't Verified!

In order to create a playlist on Sporcle, you need to verify the email address you used during registration. Go to your Sporcle Settings to finish the process.

Report this User

Report this user for behavior that violates our Community Guidelines.

Details: